Campeones del Futbol Mexicano - Estadísticas

Estadísticas generales
  • Esta prueba ha sido intentada 1.222 veces
  • La puntuación promedio es 68 de 87
Estadísticas de respuestas
Hint Respuesta % Correcto
65-66 America
98%
70-71 America
98%
75-76 America
98%
83-84 America
98%
84-85 America
98%
PRODE '85 America
98%
87-88 America
98%
88-89 America
98%
Ver. 2002 America
98%
C. 2005 America
98%
68-69 Cruz Azul
92%
71-72 Cruz Azul
92%
72-73 Cruz Azul
92%
73-74 Cruz Azul
92%
78-79 Cruz Azul
92%
79-80 Cruz Azul
92%
Inv. '97 Cruz Azul
92%
Mexico '86 Monterrey
90%
C. 2003 Monterrey
90%
A. 2009 Monterrey
90%
A. 2010 Monterrey
90%
56-57 Guadalajara
89%
58-59 Guadalajara
89%
59-60 Guadalajara
89%
60-61 Guadalajara
89%
61-62 Guadalajara
89%
63-64 Guadalajara
89%
64-65 Guadalajara
89%
69-70 Guadalajara
89%
86-87 Guadalajara
89%
Ver. '97 Guadalajara
89%
A. 2006 Guadalajara
89%
77-78 Tigres
88%
81-82 Tigres
88%
A. 2011 Tigres
88%
66-67 Toluca
80%
67-68 Toluca
80%
74-75 Toluca
80%
Ver. '98 Toluca
80%
Ver. '99 Toluca
80%
Ver. 2000 Toluca
80%
A. 2002 Toluca
80%
A. 2005 Toluca
80%
A. 2008 Toluca
80%
Bicentenario 2010 Toluca
80%
Inv. '96 Santos
79%
Ver. 2001 Santos
79%
C. 2008 Santos
79%
C. 2012 Santos
79%
50-51 Atlas
78%
47-48 Leon
78%
48-49 Leon
78%
51-52 Leon
78%
55-56 Leon
78%
91-92 Leon
78%
Inv. '99 Pachuca
78%
Inv. 2001 Pachuca
78%
A. 2003 Pachuca
78%
C. 2006 Pachuca
78%
C. 2007 Pachuca
78%
A. 2012 Tijuana
77%
76-77 UNAM
76%
80-81 UNAM
76%
90-91 UNAM
76%
C. 2004 UNAM
76%
A. 2004 UNAM
76%
C. 2009 UNAM
76%
C. 2011 UNAM
76%
94-95 Necaxa
75%
95-96 Necaxa
75%
Inv. '98 Necaxa
75%
82-83 Puebla
70%
89-90 Puebla
70%
46-47 Atlante
66%
92-93 Atlante
66%
A. 2007 Atlante
66%
Inv. 2000 Morelia
65%
45-46 Veracruz
63%
49-50 Veracruz
63%
93-94 Tecos
50%
62-63 Oro
37%
54-55 Zacatepec
33%
57-58 Zacatepec
33%
44-45 España
29%
43-44 Asturias F.C.
28%
52-53 Tampico
28%
53-54 Marte
24%
No se encontraron pruebas coincidentes
Distribución de puntuación
Porcentaje de gente con cada puntuación
Porcentaje por número respondido
Historial de tus puntuaciones
No has intentado esta prueba.